| 000 | 00805nam a2200241 i 4500 | ||
|---|---|---|---|
| 001 | 178137 | ||
| 003 | ES-MaACL | ||
| 005 | 20250805063318.0 | ||
| 007 | t| | ||
| 008 | 110519s1965 sp r ||||1| spa d | ||
| 080 | _a274(73) | ||
| 100 | 1 |
_aGiussani, Luigi, _d1922-2005 _957375 |
|
| 245 | 1 | 3 |
_aLa teología protestante en América / _cLuigi Giussani ; [versión castellana de Joaquín Blázquez]. |
| 260 |
_aBarcelona : _bHerder, _c1965. |
||
| 300 |
_a91 p. ; _c18 cm. |
||
| 490 | 1 |
_aPequeña biblioteca Herder ; _v67 |
|
| 504 | _aBibliografía: p. 75-91. | ||
| 650 | 0 | 4 |
_aProtestantismo- _zEstados Unidos. _9146630 |
| 700 | 1 |
_aBlázquez, Joaquín. _929440 |
|
| 830 | 0 |
_aPequeña biblioteca Herder ; _v67 _9190720 |
|
| 852 |
_aES-MaACL _jE-15161 _xOlim P-274 |
||
| 999 |
_c178137 _d178137 |
||